| 000 | 00622nam a2200205Ia 4500 | ||
|---|---|---|---|
| 003 | ARRUPE | ||
| 005 | 20170113143806.0 | ||
| 008 | 130303s9999 xx 000 0 und d | ||
| 020 | _a0385000340 | ||
| 040 | _cARRUPELIB | ||
| 050 | _aBS1295.3B689 | ||
| 100 |
_aBoling , Robert G. _928329 |
||
| 245 |
_aJoshua _ba new translation with notes and commentary _cby Boling , Robert G. |
||
| 250 | _a1st ed . | ||
| 260 |
_aNew york _bDoubleday & Co. _c1982 |
||
| 300 |
_axvi, 580p. ; _c 24cm. |
||
| 650 |
_aBIBLE OT. Joshua _xCommentarie _928330 |
||
| 700 |
_aWright , Ernest G. (intr. ) _928331 |
||
| 942 |
_2lcc _cMONOGRAPH |
||
| 999 |
_c25130 _d25130 |
||